| 000 | 00480pab a2200181 454500 | ||
|---|---|---|---|
| 008 | 180718b2008 xxu||||| |||| 00| 0 eng d | ||
| 100 | _aWihlborg, Elin | ||
| 245 | _aWho is governing what? Governing local technical systems - an issue of accountability | ||
| 260 | _c2008 | ||
| 300 | _ap.349-62. | ||
| 362 | _aJun | ||
| 650 | _aAccountability | ||
| 650 | _aLocal government | ||
| 700 | _aPalm, Jenny | ||
| 773 | _aLocal Government Studies | ||
| 908 | _aN | ||
| 909 | _a78738 | ||
| 999 |
_c78738 _d78738 |
||